[Event "21st Czech Rapid Open"]
[Site "Pardubice CZE"]
[Date "2010.07.21"]
[Round "1"]
[White "Navara,D"]
[Black "Kopasov,A"]
[Result "1-0"]
[WhiteElo "2731"]
[BlackElo "2213"]
[EventDate "2010.07.21"]

1. d4 Nf6 2. c4 e6 3. Nf3 b6 4. g3 Ba6 5. Qa4 Be7 6. Nc3 Bb7 7. Bg2 O-O 8.
Qc2 d5 9. cxd5 exd5 10. O-O a6 11. Ne5 Nbd7 12. Rd1 Re8 13. Bf4 Bd6 14. Nd3
Nf8 15. Qb3 Ne6 16. Be5 Ne4 17. Rac1 Bxe5 18. Nxe5 Qf6 19. Nxe4 dxe4 20.
Qe3 c5 21. Nd7 Qe7 22. dxc5 bxc5 23. Nxc5 Nxc5 24. Rxc5 Red8 25. Rdc1 Qe6
26. a3 Rab8 27. b4 Qa2 28. R5c2 Qe6 29. h4 g6 30. Kh2 Rd7 31. Bh3 f5 32.
Rc7 Rbd8 33. Qg5 Qb6 34. R1c5 h6 35. Qf4 Rxc7 36. Qxc7 Qxc7 37. Rxc7 Bd5
38. h5 g5 39. Bxf5 Bf7 40. Rc8 Rxc8 41. Bxc8 Bc4 42. e3 Kf7 43. Bf5 Bd5 44.
Bh3 Bc4 45. Kg1 Kf6 46. Bf1 1-0

[Event "21st Czech Rapid Open"]
[Site "Pardubice CZE"]
[Date "2010.07.21"]
[Round "1"]
[White "Dovzhenko,V"]
[Black "Movsesian,S"]
[Result "0-1"]
[WhiteElo "2211"]
[BlackElo "2723"]
[EventDate "2010.07.21"]

1. e4 c5 2. Nf3 d6 3. d4 cxd4 4. Nxd4 Nf6 5. Nc3 e6 6. Be3 Be7 7. f3 Nc6 8.
Nb3 O-O 9. Qd2 a6 10. g4 b5 11. g5 Nd7 12. f4 Bb7 13. a3 Nb6 14. h4 Qc7 15.
h5 Na4 16. O-O-O Rfc8 17. g6 Bf6 18. gxf7+ Qxf7 19. e5 Nxc3 20. bxc3 dxe5
21. Qd7 exf4 22. Qxf7+ Kxf7 23. Rd7+ Ne7 24. Rxb7 fxe3 25. Bd3 Rxc3 26.
Bxh7 Rac8 27. Kd1 a5 28. Nd4 0-1

[Event "21st Czech Rapid Open"]
[Site "Pardubice CZE"]
[Date "2010.07.21"]
[Round "1"]
[White "Mamedov,Rau"]
[Black "Yakimenko,A"]
[Result "1-0"]
[WhiteElo "2660"]
[BlackElo "2091"]
[EventDate "2010.07.21"]

1. e4 e6 2. d4 d5 3. Nd2 Nf6 4. e5 Nfd7 5. Bd3 b6 6. Ne2 Be7 7. O-O Ba6 8.
Bxa6 Nxa6 9. f4 g6 10. c3 c5 11. g4 h5 12. f5 gxf5 13. gxf5 Nc7 14. f6 Bf8
15. Nf3 Nb8 16. Kh1 Qd7 17. Nf4 Nc6 18. Ng5 O-O-O 19. Be3 cxd4 20. cxd4 Bh6
21. Nfh3 Bxg5 22. Nxg5 Kb7 23. Rc1 Rc8 24. Rg1 Na5 25. b3 Kb8 26. Bd2 Nc6
27. Rxc6 Qxc6 28. Nxf7 Rh7 29. Nd6 Rch8 30. f7 Rf8 31. Qf1 Qd7 32. Rg8 Qe7
33. Bg5 Rhxf7 34. Nxf7 Qb4 35. Bd2 Qe7 36. Qf6 Qa3 37. Rxf8+ Qxf8 38. Qd8+
1-0

[Event "21st Czech Rapid Open"]
[Site "Pardubice CZE"]
[Date "2010.07.21"]
[Round "1"]
[White "Vesely,L"]
[Black "Korobov,A"]
[Result "0-1"]
[WhiteElo "2205"]
[BlackElo "2657"]
[EventDate "2010.07.21"]

1. e4 c5 2. Nf3 d6 3. d4 cxd4 4. Nxd4 Nf6 5. Nc3 a6 6. Bc4 e6 7. Bb3 Nbd7
8. O-O Nc5 9. Bg5 Be7 10. Qe2 Nfxe4 11. Nxe4 Bxg5 12. f4 Bf6 13. Rad1 Nxe4
14. Qxe4 O-O 15. f5 d5 16. Qf3 Qb6 17. Qf2 a5 18. c3 a4 19. Bc2 e5 20. Nf3
Qxb2 21. Rxd5 Qxa2 22. Rfd1 e4 23. Ne1 a3 24. Rb5 Bxc3 25. f6 Bxf6 26. Qc5
Bg4 27. Rdb1 Qe6 28. Bb3 Qd7 29. Nc2 a2 30. Bxa2 Rxa2 31. Rxb7 Qd8 32. Kh1
h6 33. Ne3 Bd4 34. Qc4 Be6 35. Qe2 0-1

[Event "21st Czech Rapid Open"]
[Site "Pardubice CZE"]
[Date "2010.07.21"]
[Round "1"]
[White "Zakhartsov,Vi"]
[Black "Soural,J"]
[Result "1-0"]
[WhiteElo "2608"]
[BlackElo "2199"]
[EventDate "2010.07.21"]

1. d4 Nf6 2. c4 g6 3. Nc3 Bg7 4. e4 d6 5. Nf3 O-O 6. Be2 Nbd7 7. O-O e5 8.
Be3 Ng4 9. Bg5 f6 10. Bd2 Nh6 11. Qc2 c6 12. Rad1 Qb6 13. c5 dxc5 14. dxe5
fxe5 15. Na4 Qc7 16. Ng5 Nb6 17. Nxc5 Qe7 18. a4 Rf4 19. Bxf4 exf4 20. Qb3+
Kh8 21. Nge6 Bxe6 22. Nxe6 Be5 23. a5 Na4 24. Rd2 b5 25. axb6 axb6 26. Rfd1
Nf7 27. Rd7 Qf6 28. Nc7 1-0

[Event "21st Czech Rapid Open"]
[Site "Pardubice CZE"]
[Date "2010.07.21"]
[Round "1"]
[White "Yuffa,D"]
[Black "Kononenko,Dmitry1"]
[Result "0-1"]
[WhiteElo "2187"]
[BlackElo "2590"]
[EventDate "2010.07.21"]

1. c4 c5 2. Nc3 g6 3. g3 Bg7 4. Bg2 Nc6 5. Nf3 e6 6. O-O Nge7 7. Rb1 d5 8.
d3 O-O 9. a3 b6 10. Bd2 Bb7 11. b4 cxb4 12. axb4 dxc4 13. dxc4 Rc8 14. Nb5
a6 15. Na3 Nf5 16. e3 Nd6 17. Qe2 Ne4 18. Rfd1 Qe7 19. b5 Nxd2 20. Qxd2
Rfd8 21. Qa2 Nb4 22. Qb3 a5 23. Nd4 Bxg2 24. Kxg2 Qb7+ 25. Kg1 Qe4 26. Nac2
Nxc2 27. Nxc2 Rxd1+ 28. Rxd1 Qxc4 29. Rd8+ Bf8 30. Qxc4 Rxc4 31. Nd4 a4 32.
Ra8 a3 33. Kf1 Kg7 34. Ke2 Rb4 35. Kd2 Rb2+ 36. Nc2 Rb3 37. Nd4 Bb4+ 38.
Kc1 Rb2 39. Nc2 Bc5 40. h4 h5 41. Kd2 Rb3 42. Ra7 Kf6 43. Ke2 e5 44. Kd2
Ke6 45. Ke2 e4 46. Ra6 Kf5 47. Ra7 f6 48. Ra4 Rxb5 49. Rxa3 Bxa3 50. Nd4+
Ke5 51. Nxb5 Bb2 52. Kd2 Kd5 53. Nc7+ Kc4 54. Ne6 Bc3+ 55. Ke2 b5 56. Nf4
b4 57. Nxg6 b3 58. Kd1 Be1 59. g4 Bxf2 60. gxh5 Bxe3 61. Ke1 0-1

[Event "21st Czech Rapid Open"]
[Site "Pardubice CZE"]
[Date "2010.07.21"]
[Round "1"]
[White "Rakhmanov,Ale"]
[Black "Soucek,Mil"]
[Result "1-0"]
[WhiteElo "2590"]
[BlackElo "2185"]
[EventDate "2010.07.21"]

1. d4 Nf6 2. Nf3 e6 3. Bg5 Be7 4. Nbd2 d5 5. e3 O-O 6. Bd3 h6 7. Bf4 c5 8.
c3 Nc6 9. Ne5 cxd4 10. exd4 Nxe5 11. dxe5 Nd7 12. Qg4 Bg5 13. Bg3 Bxd2+ 14.
Kxd2 Nc5 15. Bc2 Ne4+ 16. Ke1 Qb6 17. Rb1 Bd7 18. Bh4 f5 19. exf6 Nxf6 20.
Qe2 Rae8 21. f3 e5 22. Bf2 Qa5 23. b4 Qc7 24. Bc5 e4 25. f4 b6 26. Bxf8
Qxc3+ 27. Qd2 Qxd2+ 28. Kxd2 Kxf8 29. Ke3 Ng4+ 30. Kd4 e3 31. Rhe1 Nxh2 32.
Rxe3 Rxe3 33. Kxe3 Ng4+ 34. Kd4 Nf6 35. Bb3 Bf5 36. Rc1 Be4 37. g3 Ne8 38.
Bxd5 Bf5 39. Ke5 Nf6 40. Kxf5 Nxd5 41. Ke6 1-0

[Event "21st Czech Rapid Open"]
[Site "Pardubice CZE"]
[Date "2010.07.21"]
[Round "1"]
[White "Mojzis,Jar"]
[Black "Stocek,J"]
[Result "0-1"]
[WhiteElo "2182"]
[BlackElo "2587"]
[EventDate "2010.07.21"]

1. d4 Nf6 2. Nf3 g6 3. g3 c5 4. Bg2 cxd4 5. Nxd4 d5 6. O-O Bg7 7. c4 dxc4
8. Qa4+ Nfd7 9. Qxc4 Nb6 10. Qb5+ Bd7 11. Qd3 Bc6 12. Nxc6 Qxd3 13. exd3
Nxc6 14. Nc3 O-O 15. Be3 Rfd8 16. Rfd1 Rd7 17. Nb5 Na4 18. Rd2 a6 19. Nc3
Nxc3 20. bxc3 Bxc3 21. Rad1 Bxd2 22. Rxd2 Rad8 23. Bb6 Rxd3 24. Re2 Rd1+
25. Bf1 R8d2 26. Kg2 Rxe2 27. Bxe2 Rb1 28. Be3 b5 29. Bf3 Nb4 30. Be4 Ra1
31. Bc5 Nxa2 32. Bxe7 Re1 0-1

[Event "21st Czech Rapid Open"]
[Site "Pardubice CZE"]
[Date "2010.07.21"]
[Round "1"]
[White "Ghaem Maghami,E"]
[Black "Musaev,Ra"]
[Result "1-0"]
[WhiteElo "2585"]
[BlackElo "2181"]
[EventDate "2010.07.21"]

1. c4 e6 2. Nf3 b6 3. Nc3 Bb7 4. d4 Nf6 5. a3 d5 6. Bg5 Be7 7. Bxf6 Bxf6 8.
cxd5 exd5 9. g3 O-O 10. Bg2 c5 11. O-O Nc6 12. e3 Ne7 13. Re1 Qd7 14. b4
Rfd8 15. Rb1 Rac8 16. bxc5 bxc5 17. Na4 cxd4 18. exd4 Bc6 19. Nc5 Qd6 20.
Ne5 Rb8 21. Rc1 Bb5 22. Bh3 Nc6 23. Ncd7 Rb7 24. Nxf6+ Qxf6 25. Rc5 Re7 1-0

[Event "21st Czech Rapid Open"]
[Site "Pardubice CZE"]
[Date "2010.07.21"]
[Round "1"]
[White "Shomoev,A"]
[Black "Kolesar,Mil"]
[Result "1-0"]
[WhiteElo "2561"]
[BlackElo "2171"]
[EventDate "2010.07.21"]

1. e4 c5 2. Nf3 d6 3. d4 cxd4 4. Nxd4 Nf6 5. Nc3 Nc6 6. Bg5 e6 7. Qd2 a6 8.
O-O-O Bd7 9. f3 Be7 10. Kb1 Nxd4 11. Qxd4 Bc6 12. Bd3 b5 13. g4 Qb8 14. Bc1
b4 15. Ne2 d5 16. g5 Nh5 17. Ng3 e5 18. Qf2 Nxg3 19. hxg3 Qb7 20. g6 fxg6
21. exd5 Bxd5 22. Bxg6+ Kf8 23. Bxh7 Rd8 24. Be4 Rxh1 25. Rxh1 Kf7 26. Rd1
Bf6 27. Rxd5 Rxd5 28. Qe1 a5 29. c4 bxc3 30. Qxc3 Qb5 31. a4 Qc5 32. Qb3
Ke6 33. Be3 Qc6 34. Bb6 Kd6 35. Bxa5 Bg5 36. Bb4+ Ke6 37. Ka2 Bd8 38. Bc3
g5 39. g4 Bb6 40. a5 Bd4 41. Bxd4 exd4 42. Bxd5+ Qxd5 43. a6 d3 44. a7 1-0

[Event "21st Czech Rapid Open"]
[Site "Pardubice CZE"]
[Date "2010.07.21"]
[Round "1"]
[White "Liuba,Volodymyr"]
[Black "Maslak,K"]
[Result "0-1"]
[WhiteElo "2166"]
[BlackElo "2560"]
[EventDate "2010.07.21"]

1. e4 c5 2. Nf3 d6 3. d4 cxd4 4. Nxd4 Nf6 5. Nc3 g6 6. Be3 Bg7 7. f3 O-O 8.
Qd2 Nc6 9. Bc4 Bd7 10. O-O-O Rb8 11. Bb3 Na5 12. Bh6 b5 13. Bxg7 Kxg7 14.
h4 h5 15. g4 Nxb3+ 16. Nxb3 hxg4 17. h5 Rh8 18. hxg6 fxg6 19. f4 b4 20. Nd5
Nxd5 21. Qxd5 Qf8 22. Qd4+ Kf7 23. Nc5 dxc5 24. Qxd7 Qc8 25. Rxh8 Qxd7 26.
Rh7+ Kg8 27. Rxd7 Kxh7 28. Rxe7+ Kh6 29. Kd2 a5 30. Ke3 Rd8 31. Rc7 Rd1 32.
Rxc5 Rf1 33. Rxa5 Rf3+ 34. Ke2 Rxf4 35. Ke3 Rf3+ 36. Ke2 Rf8 37. Rd5 g3 38.
Rd3 Rf2+ 39. Ke1 Rxc2 40. Rxg3 Rxb2 41. a4 Ra2 42. Rb3 Rxa4 43. Kf2 Ra2+
44. Ke1 Ra4 45. Kf2 Kg5 46. Rg3+ Kf6 47. Ke2 Ra2+ 48. Kd1 Ra3 49. Rg4 b3
50. Kc1 Ra6 51. Kb2 Rb6 52. Rg2 Ke5 53. Rg4 Kd4 54. Rh4 Ke3 55. e5 Kf3 0-1

[Event "21st Czech Rapid Open"]
[Site "Pardubice CZE"]
[Date "2010.07.21"]
[Round "1"]
[White "Gabrielian,A"]
[Black "Tarakanov,O"]
[Result "1-0"]
[WhiteElo "2559"]
[BlackElo "2165"]
[EventDate "2010.07.21"]

1. e4 e5 2. f4 exf4 3. Nf3 d5 4. exd5 Nf6 5. Bc4 Nxd5 6. Bxd5 Qxd5 7. d4
Bb4+ 8. Bd2 Qe4+ 9. Kf2 Bxd2 10. Qxd2 O-O 11. Re1 Qg6 12. Nc3 c6 13. Qxf4
Qxc2+ 14. Re2 Qf5 15. Qd6 Be6 16. Rae1 Na6 17. Qe7 Bc4 18. Re4 Rab8 19. Kg1
f6 20. d5 Bxd5 21. Nd4 Qh5 22. Nxd5 Qxd5 23. Rg4 Rf7 24. Qe3 Rd8 25. Ne6
Re8 26. Rd4 Qf5 27. Re4 Rfe7 28. Qb3 Qd5 29. Qe3 Nc7 30. Nxc7 Qxe4 31. Qb3+
Rf7 32. Rxe4 Rxe4 33. h3 Ree7 34. Ne6 Re8 35. Kh2 b6 36. Nd4 c5 37. Nf5 Rd8
38. Qe6 Kf8 39. a4 Re8 40. Qd5 g6 41. Nh6 Rg7 42. Qd6+ Ree7 43. Qd8+ 1-0

[Event "21st Czech Rapid Open"]
[Site "Pardubice CZE"]
[Date "2010.07.21"]
[Round "2"]
[White "Movsesian,S"]
[Black "Pakhomov,A"]
[Result "1-0"]
[WhiteElo "2723"]
[BlackElo "2412"]
[EventDate "2010.07.21"]

1. e4 d5 2. exd5 Qxd5 3. Nf3 Bg4 4. Be2 Nc6 5. d4 O-O-O 6. Be3 e5 7. c4
Bb4+ 8. Nbd2 Qe4 9. d5 Nd4 10. Nxd4 exd4 11. Bxg4+ f5 12. O-O Qxg4 13. f3
Qh4 14. Bf2 Qh6 15. Nb3 Bd6 16. g3 f4 17. g4 Qh3 18. Nxd4 Nf6 19. Kh1 h5
20. g5 Ng4 21. Bg1 Ne3 22. Bxe3 fxe3 23. Qe2 Rhe8 24. Ne6 Rxe6 25. dxe6
Qxe6 26. Rad1 Rf8 27. Rd4 Bf4 28. Re4 Qf5 29. Rd1 Bxg5 30. Rd5 Qf6 31. Qg2
Bh6 32. Qh3+ Kb8 33. Rf5 Qd8 34. Rxf8 Qxf8 35. Qxh5 g6 36. Qg4 a6 37. Kg2
Qb4 38. Re8+ Ka7 39. Qd4+ c5 40. Qc3 Qa4 41. Re7 Qxa2 42. Kh3 Qb1 43. Qe5
Qf1+ 44. Kg3 Qg1+ 45. Kh3 Qf1+ 46. Kg4 Qxc4+ 47. Kg3 Qd4 48. f4 e2 49. Qxd4
cxd4 50. Rxe2 Kb6 51. Kf3 Kc5 52. Ke4 Bg7 53. Rg2 Kc4 54. Rxg6 Bf8 55. Rg3
Bc5 56. h4 b5 57. h5 a5 58. h6 a4 59. h7 1-0

[Event "21st Czech Rapid Open"]
[Site "Pardubice CZE"]
[Date "2010.07.21"]
[Round "2"]
[White "Polschikov,A"]
[Black "Mamedov,Rau"]
[Result "1/2-1/2"]
[WhiteElo "2362"]
[BlackElo "2660"]
[EventDate "2010.07.21"]

1. e4 c5 2. Nf3 Nc6 3. d4 cxd4 4. Nxd4 g6 5. c4 Nf6 6. Nc3 Nxd4 7. Qxd4 d6
8. Be3 Bg7 9. f3 O-O 10. Qd2 Bd7 11. Be2 a5 12. b3 a4 13. b4 Rc8 14. Rc1 a3
15. O-O Qc7 16. Rfd1 Rfd8 17. Bf1 h5 18. Qf2 Qb8 19. Ba7 Qa8 20. Bb6 Re8
21. Bd4 Be6 22. Nd5 Bxd5 23. exd5 Qa4 24. Rb1 Nd7 25. Bxg7 Kxg7 26. Qd4+
Kg8 27. Rb3 Ne5 28. f4 Ng4 29. h3 Nf6 30. Re1 b5 31. cxb5 Rc2 32. Rbe3 Rxa2
33. Rxe7 Rxe7 34. Rxe7 Kg7 35. b6 Rb2 36. Ra7 Qxb4 37. Qxb4 Rxb4 38. b7 a2
39. Rxa2 Rxb7 40. Ra6 Nxd5 41. g3 Rb1 42. Kf2 Rb2+ 43. Kf3 Rb3+ 44. Kf2 Nf6
45. Bg2 d5 46. Ra4 Rb2+ 47. Kf1 Rd2 48. Bf3 Rc2 49. Rd4 Rc5 50. g4 Rc3 51.
Kf2 Rc2+ 52. Kg3 Rc4 53. Rd3 Ne4+ 54. Kh4 Nf6 55. Kg3 d4 56. f5 hxg4 57.
hxg4 gxf5 58. gxf5 Nd7 59. Kf4 Kf6 60. Bd5 Rb4 61. Rh3 d3+ 62. Ke3 Ne5 63.
Rh6+ Kg5 64. Rh7 d2 65. Rh1 Ng4+ 66. Ke2 Nf6 67. Bf3 Ne4 68. Bxe4 Rxe4+ 69.
Kxd2 Kxf5 70. Kd3 Ke5 71. Rh8 f5 72. Re8+ Kf4 73. Rxe4+ fxe4+ 74. Ke2 e3
75. Ke1 Kf3 76. Kf1 e2+ 77. Ke1 Ke3 1/2-1/2

[Event "21st Czech Rapid Open"]
[Site "Pardubice CZE"]
[Date "2010.07.21"]
[Round "2"]
[White "Korobov,A"]
[Black "Suran,J"]
[Result "1-0"]
[WhiteElo "2657"]
[BlackElo "2371"]
[EventDate "2010.07.21"]

1. d4 Nf6 2. c4 c6 3. Nc3 d5 4. Nf3 a6 5. Bg5 Ne4 6. h4 b5 7. cxd5 cxd5 8.
e3 h6 9. Bf4 Bb7 10. a4 b4 11. Nxe4 dxe4 12. Ne5 Nd7 13. Bc4 Nxe5 14. Bxe5
e6 15. Qg4 h5 16. Qg3 Bd5 17. Be2 Rh7 18. Rc1 g6 19. Bc7 Qd7 20. a5 Be7 21.
O-O Rc8 22. Bxa6 1-0

[Event "21st Czech Rapid Open"]
[Site "Pardubice CZE"]
[Date "2010.07.21"]
[Round "2"]
[White "Jurasek,M"]
[Black "Rakhmanov,Ale"]
[Result "0-1"]
[WhiteElo "2322"]
[BlackElo "2590"]
[EventDate "2010.07.21"]

1. e4 c5 2. Nf3 Nf6 3. e5 Nd5 4. g3 Nc6 5. Bg2 g6 6. d4 cxd4 7. Nxd4 Nc7 8.
Nxc6 dxc6 9. Qe2 Ne6 10. O-O Nd4 11. Qd1 Bf5 12. Na3 Nxc2 13. Nxc2 Qxd1 14.
Rxd1 Bxc2 15. Re1 Bg7 16. b4 a6 17. a4 O-O 18. Bg5 f6 19. Bf4 Rfd8 20. h4
Kf7 21. Bh3 fxe5 22. Bxe5 Bxe5 23. Rxe5 Rd1+ 24. Rxd1 Bxd1 25. a5 Bb3 26.
h5 Rd8 27. hxg6+ hxg6 28. Re4 Rd1+ 29. Kh2 Bd5 30. Rf4+ Kg7 31. Bg2 e6 32.
Bxd5 cxd5 33. Kg2 e5 34. Rg4 e4 35. f4 Rd2+ 36. Kf1 Kf6 37. Rg5 e3 38. Re5
d4 39. b5 axb5 40. Rxb5 d3 41. g4 Rf2+ 42. Ke1 d2+ 0-1

[Event "21st Czech Rapid Open"]
[Site "Pardubice CZE"]
[Date "2010.07.21"]
[Round "2"]
[White "Shevtsov,N"]
[Black "Ghaem Maghami,E"]
[Result "0-1"]
[WhiteElo "2309"]
[BlackElo "2585"]
[EventDate "2010.07.21"]

1. e4 c5 2. Nf3 d6 3. c3 Nf6 4. h3 g6 5. Bd3 Bg7 6. O-O O-O 7. Re1 Nc6 8.
Bc2 e5 9. d3 h6 10. a3 Be6 11. Nbd2 b5 12. d4 cxd4 13. cxd4 exd4 14. Nf1
Qb6 15. Bf4 d5 16. e5 Ne4 17. Bxe4 dxe4 18. Rxe4 Bd5 19. Re1 Rfe8 20. N1h2
Re6 21. Qd2 g5 22. Bg3 Rae8 23. h4 gxh4 24. Nxh4 Nxe5 25. Bxe5 Rxe5 26.
Rxe5 Rxe5 27. Rc1 Qe6 28. Qa5 d3 29. N2f3 Re2 30. Qd8+ Kh7 31. Rc8 f5 32.
Rc5 Re1+ 33. Kh2 Bxf3 34. Nxf3 Re2 35. Qxd3 Qe4 36. Qd7 Rxf2 37. Rxf5 Qg4
38. Nh4 Qxh4+ 39. Kg1 Re2 40. Rf7 Re1+ 0-1

[Event "21st Czech Rapid Open"]
[Site "Pardubice CZE"]
[Date "2010.07.21"]
[Round "2"]
[White "Chernyshov,K"]
[Black "Grinev,V"]
[Result "1-0"]
[WhiteElo "2578"]
[BlackElo "2336"]
[EventDate "2010.07.21"]

1. c4 Nf6 2. Nc3 c5 3. g3 e6 4. Bg2 d5 5. cxd5 exd5 6. d3 Nc6 7. Bg5 d4 8.
Nd5 Qa5+ 9. Qd2 Qxd2+ 10. Kxd2 Nxd5 11. Bxd5 Bd7 12. h4 Rc8 13. Nf3 Bd6 14.
Bf4 Bxf4+ 15. gxf4 h5 16. Rhg1 g6 17. Ng5 Nd8 18. e3 Bc6 19. Bxc6+ Nxc6 20.
Ne4 Rc7 21. Nxc5 Ne7 22. Nb3 dxe3+ 23. fxe3 Nf5 24. Rac1 Kd8 25. Rxc7 Kxc7
26. Rh1 Rd8 27. e4 Nh6 28. Rc1+ Kb6 29. Ke2 Re8 30. Nd2 Nf5 31. Nf3 Nd6 32.
Kd2 Rd8 33. Ke3 Re8 34. Nd4 Rd8 35. e5 Ne8 36. f5 gxf5 37. Nxf5 Nc7 38. Ke4
Ne6 39. d4 Rg8 40. Ne3 Rg3 41. Rc3 Kb5 42. Rb3+ Ka6 43. Ra3+ Kb5 44. Rxa7
Rh3 45. Nf5 Kb6 46. Ra3 Rh2 47. Rb3+ Kc7 48. Rc3+ Kb6 49. Rb3+ Kc7 50. a3
Re2+ 51. Kf3 Rh2 52. Ke4 Re2+ 53. Kd3 Nf4+ 54. Kc4 Rc2+ 55. Rc3 Rxb2 56. d5
Kd7 57. Nd4 Rh2 58. Rb3 Kc8 59. Nf5 Kc7 60. Kd4 Rh1 61. Ke4 Ng6 62. d6+ Kc8
63. Rc3+ Kd8 64. Rf3 Re1+ 65. Ne3 Nxh4 66. Rxf7 Ng2 67. Rf3 h4 68. e6 Nxe3
69. Rf8+ 1-0

[Event "21st Czech Rapid Open"]
[Site "Pardubice CZE"]
[Date "2010.07.21"]
[Round "2"]
[White "Schlosser,P"]
[Black "Pribyl,Jo"]
[Result "1-0"]
[WhiteElo "2575"]
[BlackElo "2325"]
[EventDate "2010.07.21"]

1. c4 e5 2. Nc3 Nc6 3. Nf3 Bb4 4. Nd5 a5 5. a3 Bc5 6. e3 d6 7. d4 Ba7 8.
Be2 Nge7 9. O-O O-O 10. Nc3 exd4 11. exd4 Nf5 12. Nb5 Bb8 13. Bg5 f6 14.
Bd2 Re8 15. Bd3 Bd7 16. Qc2 g6 17. Rfe1 b6 18. h3 Rxe1+ 19. Rxe1 Qf8 20. b3
Nd8 21. d5 Nf7 22. Nfd4 Nxd4 23. Nxd4 Ne5 24. f4 Nxd3 25. Qxd3 Ba7 26. f5
b5 27. fxg6 bxc4 28. gxh7+ Kh8 29. bxc4 a4 30. Kh2 Re8 31. Ne6 Qf7 32. Bc3
Bxe6 33. dxe6 Qxh7 34. Bxf6+ Kg8 35. Re4 Ra8 1-0

[Event "21st Czech Rapid Open"]
[Site "Pardubice CZE"]
[Date "2010.07.21"]
[Round "2"]
[White "Grigoriants,S RUS"]
[Black "Urbanec,L"]
[Result "1-0"]
[WhiteElo "2566"]
[BlackElo "2318"]
[EventDate "2010.07.21"]

1. e4 e5 2. Nf3 Nc6 3. Bb5 Nf6 4. O-O Nxe4 5. d4 Nd6 6. Bxc6 dxc6 7. dxe5
Nf5 8. Qxd8+ Kxd8 9. Nc3 h6 10. b3 Be6 11. Bb2 b6 12. Ne2 Kc8 13. Nf4 Kb7
14. Nxe6 fxe6 15. Rad1 Be7 16. g4 Nh4 17. Nxh4 Bxh4 18. f4 Rad8 19. f5 h5
20. fxe6 hxg4 21. Rd7 Rde8 22. Rff7 Rxe6 23. Rxc7+ Ka6 24. Rxa7+ Kb5 25.
Ba3 c5 26. c4+ 1-0

[Event "21st Czech Rapid Open"]
[Site "Pardubice CZE"]
[Date "2010.07.21"]
[Round "2"]
[White "Galburd,Y"]
[Black "Gabrielian,A"]
[Result "0-1"]
[WhiteElo "2301"]
[BlackElo "2559"]
[EventDate "2010.07.21"]

1. d4 Nf6 2. c4 c5 3. d5 e6 4. Nc3 exd5 5. cxd5 d6 6. e4 g6 7. Nf3 Bg7 8.
Bf4 O-O 9. Nd2 Re8 10. Be2 a6 11. a4 b6 12. O-O Ra7 13. Qc2 Bg4 14. Nc4
Bxe2 15. Qxe2 Bf8 16. g4 Rb7 17. Na3 Nfd7 18. Bg3 Ne5 19. f4 Ned7 20. Rae1
Bg7 21. Nc4 Bd4+ 22. Kg2 Nf6 23. Qf3 b5 24. Nxd6 Qxd6 25. e5 Qd8 26. Bh4
Bxc3 27. Bxf6 Qxf6 28. exf6 Bxe1 29. Qh3 Nd7 30. f5 Bd2 31. Rf2 Bg5 32.
fxg6 hxg6 33. d6 bxa4 34. Qf3 Rb6 35. Qd5 Bxf6 36. h4 Re6 37. g5 Bd4 38.
Qa8+ Rb8 39. Qa7 Rxd6 40. Qc7 Be5 41. Qa5 Rxb2 42. Rxb2 Bxb2 43. Qxa4 Bd4
44. Qb3 Kg7 45. Qb7 Ne5 46. Kf1 c4 47. Qc7 Re6 48. Qd8 Nc6 49. Qd5 c3 50.
Qc4 a5 51. Kg2 Be5 52. Kh3 Nb4 53. h5 gxh5 54. Kh4 c2 55. Kxh5 Bb2 56. Qe4
0-1

[Event "21st Czech Rapid Open"]
[Site "Pardubice CZE"]
[Date "2010.07.21"]
[Round "3"]
[White "Navara,D"]
[Black "Sethuraman,S"]
[Result "1-0"]
[WhiteElo "2731"]
[BlackElo "2513"]
[EventDate "2010.07.21"]

1. d4 Nf6 2. c4 e6 3. Nf3 d5 4. Nc3 c6 5. Qd3 dxc4 6. Qxc4 b5 7. Qd3 Nbd7
8. e4 b4 9. Na4 Qa5 10. b3 c5 11. Be3 Bb7 12. Nxc5 Bxc5 13. dxc5 Bxe4 14.
Qb5 Qxb5 15. Bxb5 a6 16. Ba4 Rc8 17. Rc1 Bc6 18. Bxc6 Rxc6 19. Nd4 Rxc5 20.
Rxc5 Nxc5 21. Nc2 Nfd7 22. Nxb4 O-O 23. Ke2 Rb8 24. Rd1 Rxb4 25. Bxc5 Rb7
26. Be3 Kf8 27. Rd6 Nb8 28. Kd3 Ke7 29. Bc5 Rd7 30. Rd4+ Ke8 31. Kc4 Nc6
32. Rxd7 Kxd7 33. Bf8 g5 34. Kc5 Kc7 35. b4 g4 36. a4 Kb7 37. Bd6 h5 38. b5
axb5 39. axb5 Na7 40. Be7 Nc8 41. Bd8 Na7 42. h4 gxh3 43. gxh3 Nc8 44. b6
f6 45. Bxf6 Nxb6 46. Kd6 Nd5 47. Be5 Nb4 48. f4 Nd3 49. Kxe6 Kc6 50. f5
Nc5+ 51. Ke7 Kd5 52. Bc7 h4 53. f6 Ne6 54. f7 1-0

[Event "21st Czech Rapid Open"]
[Site "Pardubice CZE"]
[Date "2010.07.21"]
[Round "3"]
[White "Prokopchuk,E"]
[Black "Movsesian,S"]
[Result "0-1"]
[WhiteElo "2511"]
[BlackElo "2723"]
[EventDate "2010.07.21"]

1. c4 e5 2. Nc3 Nc6 3. g3 Bc5 4. Bg2 Nf6 5. d3 d6 6. Nf3 h6 7. O-O O-O 8.
Na4 Bb6 9. Nxb6 axb6 10. b3 Bg4 11. Bb2 Qd7 12. Re1 Rfe8 13. Nd2 d5 14.
cxd5 Nxd5 15. a3 Rad8 16. b4 Nd4 17. Nb3 Nf6 18. Nxd4 exd4 19. Rc1 Re6 20.
Rc4 Rd6 21. Qc1 c6 22. Qf4 b5 23. Rc5 Nh5 24. Qd2 Nf6 25. Qf4 Nh7 26. e4
dxe3 27. Rxe3 Be6 28. h4 Nf8 29. Be4 f6 30. Rh5 Qf7 31. g4 Bd5 32. Bf5 Ba2
33. Kh2 Bb1 34. Qf3 Qb3 35. Ba1 Qxa3 36. g5 Qxa1 37. gxh6 g6 38. Bxg6 Nxg6
39. Qf5 Bxd3 40. Qg4 f5 41. Qg5 Qf6 0-1

[Event "21st Czech Rapid Open"]
[Site "Pardubice CZE"]
[Date "2010.07.21"]
[Round "3"]
[White "Kalod,R"]
[Black "Korobov,A"]
[Result "0-1"]
[WhiteElo "2506"]
[BlackElo "2657"]
[EventDate "2010.07.21"]

1. e4 c5 2. Nf3 d6 3. c3 Nf6 4. Be2 Nbd7 5. Qc2 Qc7 6. O-O b6 7. d3 Bb7 8.
Be3 e6 9. Nbd2 d5 10. h3 Be7 11. Rfe1 O-O 12. Bf1 e5 13. Rac1 Rad8 14. Qb1
Qb8 15. Bg5 h6 16. Bh4 Rfe8 17. Bg3 Bd6 18. a3 Nh5 19. Bh2 Ndf6 20. b4 c4
21. exd5 cxd3 22. Bxd3 Nxd5 23. Bb5 Re6 24. Bc4 Bc7 25. Qb3 Re7 26. a4 Ndf4
27. Rcd1 e4 28. Nf1 Rxd1 29. Qxd1 Nxg2 30. Kxg2 exf3+ 31. Kg1 Bxh2+ 32.
Nxh2 Rxe1+ 33. Qxe1 Nf4 34. Qe7 Nxh3+ 35. Kf1 Ng5 36. Ng4 Qf4 37. Ne3 Be4
38. Ke1 h5 39. a5 h4 40. a6 h3 41. Nf1 Qc1+ 0-1

[Event "21st Czech Rapid Open"]
[Site "Pardubice CZE"]
[Date "2010.07.21"]
[Round "3"]
[White "Zakhartsov,Vi"]
[Black "Akesson,R"]
[Result "1/2-1/2"]
[WhiteElo "2608"]
[BlackElo "2470"]
[EventDate "2010.07.21"]

1. d4 Nf6 2. c4 g6 3. Nc3 d5 4. Nf3 Bg7 5. cxd5 Nxd5 6. e4 Nxc3 7. bxc3 c5
8. Be3 Qa5 9. Qd2 Nc6 10. Rb1 a6 11. Rc1 cxd4 12. cxd4 Qxd2+ 13. Kxd2 e6
14. Bd3 O-O 15. Rb1 Rd8 16. e5 b5 17. Rhc1 Bb7 18. a4 b4 19. Be4 Rac8 20.
Ke1 Bf8 21. Nd2 Ba8 22. f3 Be7 23. Nb3 f5 24. exf6 Bxf6 25. Rc4 Ne7 26.
Rxb4 Nd5 27. Bxd5 Bxd5 28. Nc5 e5 29. Nxa6 Rc2 30. R4b2 Rxb2 31. Rxb2 exd4
32. Bd2 Re8+ 33. Kf2 d3 34. Rb8 Bd4+ 35. Kf1 Rxb8 36. Nxb8 Kf7 37. Na6 Bb3
38. a5 Ke7 39. Nb4 Kd7 40. Nxd3 Bc4 41. Ke2 Kc6 42. Be3 Bc3 43. Bb6 Kd5 44.
Ke3 Ba6 45. h4 Bb5 46. h5 Ke6 47. Nf4+ Kf7 48. hxg6+ hxg6 49. Nd5 Be1 50.
Nc7 Bc6 51. a6 Bg3 52. a7 Bxc7 53. Bxc7 Ke6 54. Kf4 Kd7 55. Bb6 Kc8 56. Kg5
Kb7 57. Kxg6 Kxb6 58. f4 Bxg2 59. f5 Kxa7 1/2-1/2

[Event "21st Czech Rapid Open"]
[Site "Pardubice CZE"]
[Date "2010.07.21"]
[Round "3"]
[White "Maximov,D"]
[Black "Kononenko,Dmitry1"]
[Result "1/2-1/2"]
[WhiteElo "2506"]
[BlackElo "2590"]
[EventDate "2010.07.21"]

1. e4 c5 2. Nf3 Nc6 3. Bb5 d6 4. O-O Bd7 5. Re1 a6 6. Bf1 Bg4 7. c3 Nf6 8.
d4 cxd4 9. cxd4 d5 10. exd5 Nxd5 11. Nc3 e6 12. h3 Bh5 13. g4 Bg6 14. Bg2
Bb4 15. Bg5 Qa5 16. Nxd5 Qxd5 17. Ne5 Qb5 18. a4 Qb6 19. Nxc6 Bxe1 20. Rc1
Bb4 21. Qb3 a5 22. Ne5 O-O 23. Nd7 Qxd4 24. Rd1 Qa7 25. Be3 Qa6 26. Nxf8
Rxf8 27. Rd7 Qe2 28. Qd1 Qxd1+ 29. Rxd1 Bc2 30. Ra1 Rb8 31. Bf4 Rd8 32.
Bxb7 Bb3 33. Bc6 Rc8 34. Bb5 h6 35. Rc1 Rxc1+ 36. Bxc1 Bd1 37. Kg2 h5 38.
f3 hxg4 39. hxg4 f6 40. Bc4 Bxa4 1/2-1/2

[Event "21st Czech Rapid Open"]
[Site "Pardubice CZE"]
[Date "2010.07.21"]
[Round "3"]
[White "Rakhmanov,Ale"]
[Black "Manik,M"]
[Result "1-0"]
[WhiteElo "2590"]
[BlackElo "2441"]
[EventDate "2010.07.21"]

1. d4 Nf6 2. Nf3 e6 3. Bg5 h6 4. Bh4 b6 5. Nbd2 Bb7 6. e3 c5 7. c3 Be7 8.
h3 O-O 9. Bd3 Nc6 10. O-O cxd4 11. exd4 Nd5 12. Bg3 f5 13. a3 Bg5 14. Re1
Nf4 15. Bf1 Ng6 16. Nc4 Nce7 17. Nxg5 hxg5 18. Qh5 f4 19. Bh2 f3 20. g4 Nf4
21. Qxg5 Ne2+ 22. Bxe2 fxe2 23. Be5 Nf5 1-0